To other worlds ; telescopes, rockets, stars /

Bibliographic Details
Main Author: Büdeler, Werner, 1928-
Other Authors: Helm, Alexander Leo
Format: Book
Language:English
German
Published: London : Burke, [1954]
Subjects:

MARC

Tag First Indicator Second Indicator Subfields
LEADER 00000cam a2200000 4500
001 in00000046480
005 20151007073224.0
008 760930s1954 enka b 00000 eng
010 |a  56027387  
035 |a (OCoLC)02475430 
035 |9 AAE9351AM 
040 |a DLC  |c SUC  |d TXA  |d UtOrBLW 
041 1 |a eng  |a ger 
049 |a TXAM  |c [371806] 
050 0 0 |a QB44  |b .B819 
092 |a 629.13338  |b B928t 
100 1 |a Büdeler, Werner,  |d 1928- 
245 1 0 |a To other worlds ;  |b telescopes, rockets, stars /  |c Translated by A. L. Helm. 
264 1 |a London :  |b Burke,  |c [1954] 
300 |a 224 pages :  |b illustrations ;  |c 23 cm. 
336 |a text  |b txt  |2 rdacontent 
337 |a unmediated  |b n  |2 rdamedia 
338 |a volume  |b nc  |2 rdacarrier 
500 |a Translation of Teleskope, Raketen, Gestirne; die Erforschung des Universums. 
500 |a Label pasted on title-page: Joseph Elstein, inc., New York, N.Y. 
504 |a Bibliography: pages 223-224. 
650 0 |a Astronomy. 
650 0 |a Rockets (Aeronautics) 
700 1 |a Helm, Alexander Leo. 
999 |a MARS 
999 f f |s 90dc1b44-e77d-3c10-bcfd-79b865da6d11  |i 31fb226a-7bc4-3f0c-bc3f-f7ec4ebb7bd9  |t 0 
952 f f |p ric  |a Texas A&M University  |b Rellis Campus  |c Joint Library Facility  |d Remote Storage  |t 0  |e QB44 .B819  |h Library of Congress classification  |i unmediated -- volume  |m A14801048715 
998 f f |a QB44 .B819  |t 0  |l Remote Storage